• 首页
  • 本馆介绍
  • 公告通知
  • 最新文献
  • 馆藏检索
  • 电子资源
  • 读者导购
  • 参考咨询
  • 我的图书馆
  • 登录
  • 详细信息显示
  • 放入我的书架
  • 预约/预借图书
  • 作者相关作品
  • 分类相关作品
  • 丛书相关作品
  • 出版社相关作品

书目信息

  • 表格格式
  • 工作单格式
  • 卡片格式
题名:
教学电视
    
 
作者: 伯克 , Burke 编 ;周南照 译
分册:  
出版信息: 北京   文化教育出版社  1980
页数: 135页
开本: 19cm
丛书名:
单 册:
中图分类: TN949.2 , G432
科图分类:
主题词: 教学电视 , 电化教学 , 电化教育
电子资源:
ISBN:
000 00858nam0 2200313 45
001 0180007046
005 20060704151124.78
010    @dCNY0.35
091    @a7057.06
100    @a19960215d1980 em y0chiy0121 ea
101 1  @achi@ceng
102    @aCN@b110000
105    @ay z 000yy
106    @ar
200 10 @a教学电视@Ajiao xue dian shi@f(美)伯克(R.C.Burke)编@g周南照译
210    @a北京@c文化教育出版社@d1980
215    @a135页@d19cm
300    @a书名原文:Instructional televison
510 1  @aInstructional televison@zeng
606    @a教学电视
606 0  @a电化教学
606 0  @a电化教育
690    @aTN949.2@v3 
690    @aG432@v3
701  1 @a伯克@Abo ke@bR.C.@4编
701 A1 @aBurke@bR.C.@4编
702  0 @a周南照@Azhou nan zhao@4译
801  0 @aCN@bNLC@c20060704
905    @f3@b81712-714@dG432@f2@b35944-945@f1@b35942@e1
    
    教学电视/(美)伯克(R.C.Burke)编/周南照译.-北京:文化教育出版社,1980
    135页;19cm
    书名原文:Instructional televison
    
    ISBN :CNY0.35
    
●
相关链接 在E读中查询图书 在五车中查询图书 在当当中查询图书 在豆瓣中查询图书


正题名:教学电视     索取号:G432/1         预约/预借

序号 登录号 条形码 馆藏地/架位号 状态 备注
1 0035942   000459355   密集书库/ [索取号:G432/1] 在馆    
2 0035943   202350874   密集书库/ [索取号:G432/1] 在馆    
3 0035944   000459015   密集书库/ [索取号:G432/1] 在馆    
4 0035945   000458891   密集书库/ [索取号:G432/1] 在馆    
5 0081712   000459337   密集书库/ [索取号:G432/1] 在馆    
6 0081713   000458935   密集书库/ [索取号:G432/1] 在馆    
7 0081714   000458980   密集书库/ [索取号:G432/1] 在馆    
8 0081715   000459104   第一样本阅览室/ [索取号:G432/1] 在馆    
唐山师范学院图书馆 欢迎您!
大连网信软件有限公司© 版权所有